000 00280nam a22000977a 4500
008 170110b xxu0721610838||||| |||| 00| 0 eng d
041 _aeng
080 _a618.2
245 _aPATHOPHYSIOLOGICAL PHENOMENA IN NURSING
_cCARRIERI, V.K & LINDSEY, A.M & WEST, C.M
942 _2udc
_cBK
999 _c2678
_d2678